Cơ cấu tổ chức của làng Việt cổ truyền ở Bắc Bộ

Nghiên cứu cơ cấu tổ chức làng xã cổ truyền ở Bắc bộ. ảnh hưởng của cơ cấu đó trong sự hình thành, phát triển nền kinh tế tiểu nông nghiệp, sự ra đời của phường hội, chế độ công điền, công thổ và sự phân hoá giai cấp ở nông...

Disgrifiad llawn

Wedi'i Gadw mewn:
Manylion Llyfryddiaeth
Prif Awdur: Nguyễn, Từ Chi
Fformat: Llyfr
Iaith:Undetermined
Cyhoeddwyd: Hà Nội Hội Nhà văn 2019
Pynciau:
Tagiau: Ychwanegu Tag
Dim Tagiau, Byddwch y cyntaf i dagio'r cofnod hwn!
Thư viện lưu trữ: Trung tâm Học liệu Trường Đại học Cần Thơ
LEADER 01069nam a2200205Ia 4500
001 CTU_236121
008 210402s9999 xx 000 0 und d
082 |a 390.09597 
082 |b Ch300 
100 |a Nguyễn, Từ Chi 
245 0 |a Cơ cấu tổ chức của làng Việt cổ truyền ở Bắc Bộ 
245 0 |c Nguyễn Từ Chi 
260 |a Hà Nội 
260 |b Hội Nhà văn 
260 |c 2019 
520 |a Nghiên cứu cơ cấu tổ chức làng xã cổ truyền ở Bắc bộ. ảnh hưởng của cơ cấu đó trong sự hình thành, phát triển nền kinh tế tiểu nông nghiệp, sự ra đời của phường hội, chế độ công điền, công thổ và sự phân hoá giai cấp ở nông thôn bắc bộ VN trong lịch sử. 
650 |a Phong tục tập quán,Manners and customs 
650 |z Việt Nam,Vietnam 
910 |b dqhieu 
980 |a Trung tâm Học liệu Trường Đại học Cần Thơ